=LDR 00000nam 2200000 4500 =001 INLIS000000000040597 =005 20130612150147 =008 ***********************************Ind** =035 ##$$0010-061300000040597 =041 ##$$a Ind =082 ##$$a 384.5 =090 ##$$a 384.5 , War t =100 ##$$a WARDHANA, Lingga =245 ##$$a Teknologi Wireless communication dan wireless broadband , Lingga Wardhana, Nuraksa Makodian; editor, Th. Ari Prabawi =260 ##$$a 2010 $b Yogyakarta =300 ##$$a 188 hlm. , ilus , 23 cm =650 ##$$a aWIRELESS KOMUNIKASI =700 ##$$a PRABAWI, Th. Ari =850 ##$$a NBPNMAT